al-ʻUshshāq al-khamsah (Record no. 45867)

MARC details
000 -LEADER
fixed length control field 00669cam a22002171 4500
001 - CONTROL NUMBER
control field ne 63000949
003 - CONTROL NUMBER IDENTIFIER
control field DLC
005 - DATE AND TIME OF LATEST TRANSACTION
control field 20260227111745.0
008 - FIXED-LENGTH DATA ELEMENTS--GENERAL INFORMATION
fixed length control field 900503s1962 ua a 000 1 ararc
010 ## - LIBRARY OF CONGRESS CONTROL NUMBER
LC control number ne 63000949
025 ## - OVERSEAS ACQUISITION NUMBER
Overseas acquisition number PL480:UAR-2310
035 ## - SYSTEM CONTROL NUMBER
System control number (OCoLC)21476836
040 ## - CATALOGING SOURCE
Original cataloging agency Princeton Univ. Libr.
Transcribing agency WaU
Modifying agency DLC
042 ## - AUTHENTICATION CODE
Authentication code premarc
050 00 - LIBRARY OF CONGRESS CALL NUMBER
Classification number PJ7862.H273
Item number U8
100 1# - MAIN ENTRY--PERSONAL NAME
Personal name Shārūnī, Yūsuf.
245 13 - TITLE STATEMENT
Title al-ʻUshshāq al-khamsah
Statement of responsibility, etc. [taʼlīf] Yūsuf al-Shārūnī.
260 ## - PUBLICATION, DISTRIBUTION, ETC.
Place of publication, distribution, etc. [al-Qāhirah,
Name of publisher, distributor, etc. al-Dār al-Qawmīyah lil-Ṭibāʻah wa-al-Nashr,
Date of publication, distribution, etc. 1962?]
300 ## - PHYSICAL DESCRIPTION
Extent 182 p.
Other physical details illus.
Dimensions 24 cm.
490 0# - SERIES STATEMENT
Series statement Kitāb al-Māsī, qiṣaṣ ʻArabïyah

No items available.

Powered by Koha